| 000 | 00756cam a22002531 4500 | ||
|---|---|---|---|
| 001 | s 41000043 | ||
| 003 | DLC | ||
| 005 | 20260227111912.0 | ||
| 008 | 750110s1941 dcu 000 0 eng c | ||
| 010 | _as 41000043 | ||
| 035 | _a(OCoLC)1136579 | ||
| 040 |
_aSmithsonian Inst. Library _cOT _dOCoLC _dDLC |
||
| 042 | _apremarc | ||
| 050 | 0 | 0 |
_aF1407 _b.A4 |
| 100 | 1 |
_aAlfaro, Rogelio E., _d1915- |
|
| 245 | 1 | 4 |
_aThe national heroes of Latin America, _cby Rogelio E. Alfaro. |
| 260 |
_aWashington, D.C., _bPan American Union _c[1941?] |
||
| 300 |
_a18 l. _c28 cm. |
||
| 500 | _aCover title. | ||
| 500 | _aAt head of title: Pan American day April 14. | ||
| 500 | _aMimeographed. | ||
| 651 | 0 |
_aLatin America _xHistory. |
|
| 710 | 2 | _aPan American Union. | |
| 999 |
_c52761 _d52761 |
||